ভাই গিরিশচন্দ্র সেন : (Record no. 39715)
[ view plain ]
| 000 -LEADER | |
|---|---|
| fixed length control field | 00943nam a2200229 a 4500 |
| 001 - CONTROL NUMBER | |
| control field | 39715 |
| 003 - CONTROL NUMBER IDENTIFIER | |
| rucl marc code | BD-RjUL |
| 005 - DATE AND TIME OF LATEST TRANSACTION | |
| control field | 20211209053038.0 |
| 008 - FIXED-LENGTH DATA ELEMENTS--GENERAL INFORMATION | |
| fixed length control field | 160417s2009 ||||e |||| 00| 0 d |
| 020 ## - INTERNATIONAL STANDARD BOOK NUMBER | |
| International Standard Book Number | 9788177567687 : |
| Terms of availability | TK.500.00 |
| 035 ## - SYSTEM CONTROL NUMBER | |
| System control number | (BD-RjUL)39828 |
| 040 ## - CATALOGING SOURCE | |
| Original cataloging agency | BD-RjUL |
| Language of cataloging | ben |
| Transcribing agency | BD-RjUL |
| 041 ## - LANGUAGE CODE | |
| Language code of text/sound track or separate title | ben |
| 082 ## - DEWEY DECIMAL CLASSIFICATION NUMBER | |
| Edition number | 23 |
| Classification number | 294.5562092 |
| Author mark and year | GUV 2009 |
| 100 ## - MAIN ENTRY--PERSONAL NAME | |
| Personal name | গুপ্ত, রঞ্জন |
| 9 (RLIN) | 122331 |
| 245 10 - TITLE STATEMENT | |
| Title | ভাই গিরিশচন্দ্র সেন : |
| Remainder of title | ধর্মীয় সৌভ্রাতৃত্বের বিস্মৃত সাধক / |
| Statement of responsibility, etc. | রঞ্জন গুপ্ত |
| 260 ## - PUBLICATION, DISTRIBUTION, ETC. (IMPRINT) | |
| Place of publication, distribution, etc. | কলকাতা : |
| Name of publisher, distributor, etc. | আনন্দ পাবলিশার্স, |
| Date of publication, distribution, etc. | ২০০৯ |
| 300 ## - PHYSICAL DESCRIPTION | |
| Pagination | ৩৬২ পৃ. ; |
| Size | ২১ সেমি |
| 600 ## - SUBJECT ADDED ENTRY--PERSONAL NAME | |
| Personal name | সেন, গিরিশচন্দ্র |
| Dates associated with a name | ১৮৩৫-১৯১০ |
| Personal name | Sen, Girischandra |
| Dates associated with a name | 1835-1910 |
| 942 ## - ADDED ENTRY ELEMENTS (KOHA) | |
| Source of classification or shelving scheme | Dewey Decimal Classification |
| Koha item type | Books |
| Lost status | Source of classification or shelving scheme | Damaged status | Not for loan | Collection code | Permanent Location | Current Location | Shelving location | Date acquired | Source of acquisition | Cost, normal purchase price | Total Checkouts | Full call number | Date last seen | Copy number | Koha item type | Date checked out |
|---|---|---|---|---|---|---|---|---|---|---|---|---|---|---|---|---|
| Dewey Decimal Classification | Not For Loan | Non-fiction | Central Library, University of Rajshahi | Central Library, University of Rajshahi | Reading Room | 22/06/2015 | Bathighar, Chittagong | 500.00 | B 294.5562092 GUV 2009 | 17/04/2016 | C-1 | Books | ||||
| Dewey Decimal Classification | Non-fiction | Central Library, University of Rajshahi | Central Library, University of Rajshahi | 22/06/2015 | Bathighar, Chittagong | 500.00 | 4 | B 294.5562092 GUV 2009 | 09/11/2022 | C-2 | Books | 03/11/2022 |